| 000 -CABECERA |
| fixed length control field |
00838nam a22002417a 4500 |
| 003 - IDENTIFICADOR DEL NÚMERO DE CONTROL |
| control field |
AR-CdUCM |
| 008 - DATOS DE LONGITUD FIJA--INFORMACIÓN GENERAL |
| fixed length control field |
190411b ||||| |||| 00| 0 spa d |
| 040 ## - FUENTE DE LA CATALOGACIÓN |
| Agencia/entidad que catalogó originalmente la obra |
MUNICIPALIDAD PROVINCIAL DEL CUSCO |
| Entidad que transcribió la catalogación |
BIBLIOTECA MUNICIPAL DEL CUSCO |
| 082 ## - NÚMERO DE LA CLASIFICACIÓN DECIMAL DEWEY |
| No. de Clasificación |
C / 344 .07 / |
| Notacion interna |
C33 |
| 100 ## - ENTRADA PRINCIPAL--NOMBRE DE PERSONA |
| Nombre Personal |
Castañeda Sánchez, Miguel G. |
| 245 ## - MENCIÓN DE TÍTULO |
| Título |
Derecho penal peruano II / |
| 260 ## - PUBLICACIÓN, DISTRIBUCIÓN, ETC. |
| Lugar de publicación, distribución, etc. |
Cusco : |
| Nombre de la editorial, distribuidor, etc. |
La amistad, |
| Fecha de publicación, distribución, etc. |
1982. |
| 300 ## - DESCRIPCIÓN FÍSICA |
| Nº de Páginas Extensión |
269 paginas ; |
| Dimensiones |
20 cm |
| 505 ## - NOTA DE CONTENIDO CON FORMATO |
| Nota de contenido formateada |
Contenido : t.1: Elementos del derecho penal -- Delito de homicidio -- Homicidio calificado -- Aborto consentido -- Delito de lesiones... |
| 650 ## - PUNTO DE ACCESO ADICIONAL DE MATERIA--TÉRMINO DE MATERIA |
| Descriptor |
Lesiones |
| 9 (RLIN) |
31574 |
| 650 ## - PUNTO DE ACCESO ADICIONAL DE MATERIA--TÉRMINO DE MATERIA |
| Descriptor |
Agresiones |
| 9 (RLIN) |
31575 |
| 650 ## - PUNTO DE ACCESO ADICIONAL DE MATERIA--TÉRMINO DE MATERIA |
| Descriptor |
Problemas |
| 9 (RLIN) |
9246 |
| 650 ## - PUNTO DE ACCESO ADICIONAL DE MATERIA--TÉRMINO DE MATERIA |
| Descriptor |
Riña compleja |
| 9 (RLIN) |
31576 |
| 650 ## - PUNTO DE ACCESO ADICIONAL DE MATERIA--TÉRMINO DE MATERIA |
| Descriptor |
Asesinato |
| 9 (RLIN) |
10439 |
| 710 ## - PUNTO DE ACCESO ADICIONAL--NOMBRE DE ENTIDAD CORPORATIVA |
| Nombre corporativo (En letras Mayúsculas) |
UNSAAC |
| 9 (RLIN) |
6777 |
| 942 ## - ELEMENTOS DE PUNTO DE ACCESO ADICIONAL (KOHA) |
| Fuente de clasificación |
|
| Tipo de item |
Libros-BMC |
| 945 ## - PROCESAMIENTO DE INFORMACIÓN LOCAL (OCLC) |
| Catalogador |
wnts |
| AAAA-MM-DD - Fecha de ingreso o modificacion |
2019-04-11 |